[Event "GBR-ch"]
[Site "Scarborough"]
[Date "2001.08.08"]
[Round "9"]
[White "Hanley, Craig"]
[Black "Blackburn, Jonathan LB"]
[Result "1-0"]
[WhiteElo "2278"]
[BlackElo "2115"]
[PlyCount "94"]
[EventDate "2001.07.30"]

1. c4 Nf6 2. g3 e6 3. Nf3 d5 4. b3 Be7 5. Bg2 O-O 6. O-O c5 7. Bb2 d4 8. e3 Nc6
9. exd4 cxd4 10. Re1 Qb6 11. d3 Bd7 12. Na3 Bb4 13. Re2 e5 14. Nc2 Bd6 15. Rb1
a5 16. a3 Qc7 17. b4 b6 18. Qd2 Rae8 19. Rbe1 h6 20. h3 Nd8 21. Nh4 Ne6 22. Nf5
Ng5 23. Nxd6 Qxd6 24. h4 Nh3+ 25. Kh2 Ng4+ 26. Kxh3 g5 27. Be4 Nxf2+ 28. Kh2
gxh4 29. Rxf2 hxg3+ 30. Kxg3 f5 31. Bd5+ Kh7 32. Kg2 Bc6 33. Bxc6 Qxc6+ 34. Kh2
Rg8 35. Rg1 Qf6 36. Rxg8 Rxg8 37. Rg2 Rg5 38. Qf2 f4 39. Qf3 axb4 40. Nxb4 Qe7
41. Nd5 Rxg2+ 42. Kxg2 Qg5+ 43. Kf1 h5 44. Qh3 h4 45. Qd7+ Kh6 46. Qe6+ Kh5 47.
Nf6+ Kg6 1-0

[Event "GBR-ch"]
[Site "Scarborough"]
[Date "2001.08.08"]
[Round "9"]
[White "Buckley, Melanie"]
[Black "Broomfield, Matthew"]
[Result "1/2-1/2"]
[WhiteElo "2118"]
[BlackElo "2271"]
[PlyCount "96"]
[EventDate "2001.07.30"]

1. e4 Nf6 2. e5 Nd5 3. d4 d6 4. c4 Nb6 5. exd6 exd6 6. Nc3 Be7 7. Be3 Nc6 8.
Bd3 O-O 9. Nge2 Nb4 10. b3 Nxd3+ 11. Qxd3 c6 12. O-O d5 13. c5 Nd7 14. b4 Bg5
15. Ng3 g6 16. Bxg5 Qxg5 17. f4 Qh4 18. Nge2 Nf6 19. Qg3 Qh5 20. Qg5 Qxg5 21.
fxg5 Ne8 22. Rae1 Ng7 23. Kf2 Bf5 24. Nf4 f6 25. gxf6 Rxf6 26. Kg1 Raf8 27. g3
g5 28. Nfe2 Ne6 29. Rf2 g4 30. Rd1 Ng5 31. Nf4 Bg6 32. Rdf1 Nf3+ 33. Kg2 Nxd4
34. Nxg6 Rxf2+ 35. Rxf2 Rxf2+ 36. Kxf2 hxg6 37. a4 a6 38. Na2 Kf7 39. Ke3 Ne6
40. Nc1 Kf6 41. Nd3 Kf5 42. a5 Ng5 43. Nf4 Ne6 44. Nd3 g5 45. Nf2 Nc7 46. Kd3
Ne8 47. Kd4 Nf6 48. Nd1 Ke6 1/2-1/2

[Event "GBR-ch"]
[Site "Scarborough"]
[Date "2001.08.08"]
[Round "9"]
[White "Buckley, Simon"]
[Black "Walker, Martin G"]
[Result "1-0"]
[WhiteElo "2268"]
[BlackElo "2109"]
[PlyCount "79"]
[EventDate "2001.07.30"]

1. e4 e5 2. Bc4 Nf6 3. d3 Bc5 4. Nf3 d6 5. Nc3 O-O 6. O-O c6 7. Bb3 Nbd7 8. Ne2
Re8 9. Ng3 Nf8 10. c3 Bb6 11. Re1 h6 12. h3 Ng6 13. d4 Qc7 14. Be3 Be6 15. Bxe6
fxe6 16. dxe5 dxe5 17. Qc2 Nf4 18. Nf1 N6h5 19. Rad1 Rf8 20. N3h2 Qf7 21. Ng4
Qg6 22. Kh2 Nf6 23. Nxf6+ Rxf6 24. g3 Nd5 25. Bxb6 Nxb6 26. Ne3 Raf8 27. Re2
Rf3 28. Kg2 h5 29. Nf5 exf5 30. Kxf3 f4 31. Qb3+ Kh8 32. g4 hxg4+ 33. hxg4 Qh6
34. Ree1 Qh3+ 35. Ke2 Qxg4+ 36. Kd2 g5 37. Kc1 Qf3 38. Qe6 Kg7 39. Qe7+ Kg8 40.
Qxg5+ 1-0

[Event "GBR-ch"]
[Site "Scarborough"]
[Date "2001.08.08"]
[Round "9"]
[White "Addison, Bret C"]
[Black "Berry, Neil M"]
[Result "1/2-1/2"]
[WhiteElo "2218"]
[BlackElo "2256"]
[PlyCount "72"]
[EventDate "2001.07.30"]

1. d4 d5 2. c4 c6 3. Nf3 Nf6 4. Nc3 a6 5. c5 Nbd7 6. Bf4 Nh5 7. e3 b6 8. cxb6
Qxb6 9. Qd2 Nxf4 10. exf4 e6 11. Na4 Qa7 12. Ne5 c5 13. Nxd7 Bxd7 14. Nxc5 Bxc5
15. dxc5 Qxc5 16. Rc1 Qb6 17. Rc3 O-O 18. Bd3 Rfb8 19. Rb3 Qd6 20. Rxb8+ Rxb8
21. O-O Bb5 22. Bxb5 Rxb5 23. b3 Rc5 24. Qd4 Qc6 25. h4 Rc2 26. a4 Rc3 27. Rb1
h6 28. Kh2 Qc5 29. Qxc5 Rxc5 30. Kg1 Kf8 31. Kf1 Rc2 32. b4 Ke7 33. a5 Ra2 34.
b5 axb5 35. Rxb5 Kf6 36. g3 h5 1/2-1/2

[Event "GBR-ch"]
[Site "Scarborough"]
[Date "2001.08.08"]
[Round "9"]
[White "Burnett, Jim"]
[Black "Stephenson, Norman"]
[Result "1/2-1/2"]
[WhiteElo "2209"]
[BlackElo "2246"]
[PlyCount "33"]
[EventDate "2001.07.30"]

1. d4 d5 2. c4 e6 3. Nc3 Nf6 4. Bg5 Be7 5. e3 h6 6. Bh4 O-O 7. Nf3 Ne4 8. Bxe7
Qxe7 9. Rc1 c6 10. Bd3 Nxc3 11. Rxc3 dxc4 12. Bxc4 Nd7 13. O-O b6 14. Bd3 c5
15. Bb1 Bb7 16. Qc2 g6 17. dxc5 1/2-1/2

[Event "GBR-ch"]
[Site "Scarborough"]
[Date "2001.08.08"]
[Round "9"]
[White "Trent, Lawrence"]
[Black "Moore, Gerald"]
[Result "0-1"]
[WhiteElo "2249"]
[BlackElo "2194"]
[PlyCount "67"]
[EventDate "2001.07.30"]

1. e4 d5 2. exd5 Qxd5 3. Nc3 Qa5 4. d4 c6 5. Nf3 Nf6 6. Bc4 Bf5 7. Bd2 e6 8.
Nd5 Qd8 9. Nxf6+ Qxf6 10. Qe2 Nd7 11. O-O-O Nb6 12. Bb3 Be7 13. Ne5 h6 14. g4
Bh7 15. f4 Rd8 16. f5 Nd5 17. c4 Nb6 18. fxe6 Qxe6 19. Be3 O-O 20. Rhg1 c5 21.
dxc5 Qxe5 22. cxb6 axb6 23. Qf3 Bf6 24. Qe2 Bg5 25. Rg3 Qe4 26. Bc2 Rxd1+ 27.
Kxd1 Qh1+ 28. Rg1 Bxc2+ 29. Kxc2 Qe4+ 30. Qd3 Qxe3 31. Qxe3 Bxe3 32. Re1 Bg5
33. Kb3 Rd8 34. Kb4 0-1

[Event "GBR-ch"]
[Site "Scarborough"]
[Date "2001.08.08"]
[Round "9"]
[White "Buckley, David E"]
[Black "Briggs, Philip"]
[Result "1/2-1/2"]
[WhiteElo "2172"]
[BlackElo "2200"]
[PlyCount "78"]
[EventDate "2001.07.30"]

1. e4 e5 2. Nf3 Nf6 3. Nc3 Bb4 4. Nxe5 O-O 5. Be2 Re8 6. Nd3 Bxc3 7. dxc3 Nxe4
8. O-O d5 9. Nf4 c6 10. Be3 Nd6 11. Nh5 Be6 12. Bd3 Nd7 13. Qf3 Qh4 14. Bd4 Bg4
15. Qf4 Qxh5 16. Qxd6 c5 17. Bxc5 Ne5 18. Be3 Bf3 19. Qb4 Nxd3 20. cxd3 Re4 21.
Qxb7 Rf8 22. gxf3 Rh4 23. Qc7 Qxf3 24. Rfe1 f5 25. Qe7 Rg4+ 26. Kf1 d4 27. Bxd4
Qxd3+ 28. Re2 Qf3 29. Ree1 Qh3+ 30. Ke2 Re4+ 31. Kd2 Rxe7 32. Rxe7 Rf7 33. Re8+
Rf8 34. Re7 Qh6+ 35. Kc2 Rf7 36. Re8+ Rf8 37. Re7 Rf7 38. Re8+ Rf8 39. Re7 Rf7
1/2-1/2

[Event "GBR-ch"]
[Site "Scarborough"]
[Date "2001.08.08"]
[Round "9"]
[White "Hunt, Adam"]
[Black "Oswald, Graeme"]
[Result "1/2-1/2"]
[WhiteElo "2408"]
[BlackElo "2195"]
[PlyCount "73"]
[EventDate "2001.07.30"]

1. e4 c5 2. Nf3 d6 3. d4 cxd4 4. Nxd4 Nf6 5. Nc3 a6 6. a4 Nc6 7. Be2 e5 8. Nb3
Be7 9. O-O O-O 10. f4 exf4 11. Bxf4 Be6 12. Kh1 Rc8 13. Qd2 Ne5 14. Nd4 Re8 15.
Nf5 Bf8 16. Bg5 Ng6 17. Bxf6 gxf6 18. Rad1 Qb6 19. Rf3 d5 20. a5 Qb4 21. Ng3
dxe4 22. Ncxe4 Qxd2 23. Nxf6+ Kh8 24. Rxd2 Red8 25. Rxd8 Rxd8 26. c3 Rd2 27. b4
Be7 28. Nfe4 Rb2 29. Bf1 Ne5 30. Rf2 Rb1 31. h3 Nd3 32. Rd2 f5 33. Nf2 f4 34.
Rxd3 fxg3 35. Rd1 Rxd1 36. Nxd1 Bf6 37. b5 1/2-1/2

[Event "GBR-ch"]
[Site "Scarborough"]
[Date "2001.08.08"]
[Round "9"]
[White "Anderson, John"]
[Black "Waddington, Michael"]
[Result "1/2-1/2"]
[WhiteElo "2161"]
[BlackElo "2353"]
[PlyCount "43"]
[EventDate "2001.07.30"]

1. e4 e6 2. d4 d5 3. Nc3 dxe4 4. Nxe4 Bd7 5. Bd3 Bc6 6. Nf3 Nd7 7. O-O Ngf6 8.
Ng3 Be7 9. Re1 O-O 10. c3 Bxf3 11. Qxf3 c6 12. h4 Re8 13. Re2 Qa5 14. Bd2 Qd5
15. Ne4 Nxe4 16. Bxe4 Qb5 17. a4 Qb3 18. Bg5 Nf6 19. Bxf6 Bxf6 20. h5 h6 21. a5
a6 22. Bc2 1/2-1/2

[Event "GBR-ch"]
[Site "Scarborough"]
[Date "2001.08.08"]
[Round "9"]
[White "Rumens, David"]
[Black "Player, Edmund"]
[Result "1/2-1/2"]
[WhiteElo "2255"]
[BlackElo "2115"]
[PlyCount "73"]
[EventDate "2001.07.30"]

1. e4 e6 2. d4 d5 3. e5 c5 4. Nf3 cxd4 5. Bd3 Nc6 6. O-O Qc7 7. Bf4 Nge7 8. Bg3
g6 9. Nbd2 Bg7 10. Re1 O-O 11. Nb3 Qb6 12. Qd2 f6 13. exf6 Rxf6 14. Ne5 Nxe5
15. Bxe5 Rf7 16. Bxg7 Kxg7 17. a4 a6 18. a5 Qd6 19. Nxd4 e5 20. Nf3 Nc6 21. Be4
Be6 22. Rad1 Rd7 23. c4 Rad8 24. cxd5 Bxd5 25. Qc3 Qf6 26. Bxd5 Rxd5 27. Rxd5
Rxd5 28. b4 e4 29. Qc4 Rb5 30. Qxe4 Rxb4 31. Qd5 Qf7 32. Qd2 Qf4 33. Qd7+ Qf7
34. Qc8 Qf8 35. Qd7+ Qf7 36. Qd2 Qf4 37. Qd7+ 1/2-1/2

[Event "GBR-ch"]
[Site "Scarborough"]
[Date "2001.08.08"]
[Round "9"]
[White "Snape, Ian L"]
[Black "Lyell, Mark"]
[Result "1/2-1/2"]
[WhiteElo "2160"]
[BlackElo "2219"]
[PlyCount "108"]
[EventDate "2001.07.30"]

1. c4 e6 2. e4 e5 3. g3 Nc6 4. Ne2 Bc5 5. Bg2 d6 6. O-O f5 7. d3 Nf6 8. h3 fxe4
9. dxe4 Be6 10. b3 Qd7 11. Kh2 O-O 12. Nbc3 Qf7 13. Be3 Bxe3 14. fxe3 Qh5 15.
Qd2 Ne7 16. Nd5 Nexd5 17. exd5 Bd7 18. e4 Rf7 19. Nc3 Raf8 20. h4 h6 21. Kg1 g5
22. Bf3 Bg4 23. hxg5 hxg5 24. Qe2 Bxf3 25. Rxf3 Ng4 26. Raf1 Qh3 27. Nb5 a6 28.
Nxc7 Qxf1+ 29. Rxf1 Rxf1+ 30. Qxf1 Rxf1+ 31. Kxf1 Nf6 32. Kg2 Nxe4 33. Kf3 Nf6
34. Ne6 g4+ 35. Ke3 Nh5 36. c5 dxc5 37. Nxc5 Nxg3 38. Nxb7 Nf5+ 39. Ke4 g3 40.
Kf3 e4+ 41. Kg2 e3 42. Kf3 Kf7 43. Nc5 Kf6 44. Nxa6 Ke5 45. Nb4 Kd4 46. Nc2+
Kd3 47. Nxe3 Nxe3 48. d6 g2 49. Kf2 Ng4+ 50. Kxg2 Ne5 51. Kf2 Kd4 52. Ke2 Kc5
53. Kd2 Kxd6 54. Kc3 Kc5 1/2-1/2

[Event "GBR-ch"]
[Site "Scarborough"]
[Date "2001.08.08"]
[Round "9"]
[White "Rutherford, Elaine"]
[Black "Lappage, Jonathan"]
[Result "0-1"]
[WhiteElo "2117"]
[BlackElo "2208"]
[PlyCount "144"]
[EventDate "2001.07.30"]

1. e4 c5 2. Nc3 Nc6 3. f4 g6 4. Nf3 Bg7 5. Bb5 Nd4 6. O-O Nxb5 7. Nxb5 d6 8.
Nc3 Nf6 9. d4 cxd4 10. Qxd4 O-O 11. Qd3 a6 12. a4 Qc7 13. Be3 Be6 14. Nd2 Rac8
15. Rfd1 Rfd8 16. a5 Nd7 17. Bd4 Bxd4+ 18. Qxd4 Nf6 19. Nf3 d5 20. e5 Ne4 21.
Nxe4 dxe4 22. Qxe4 Rxd1+ 23. Rxd1 Qxc2 24. Rd8+ Kg7 25. Qxc2 Rxc2 26. b4 Rb2
27. Rd4 Bf5 28. Nd2 e6 29. Ne4 Bxe4 30. Rxe4 h6 31. Rc4 g5 32. fxg5 hxg5 33. h3
Kg6 34. g4 f6 35. exf6 Kxf6 36. Re4 e5 37. Rc4 Ke6 38. Rc8 Rxb4 39. Rg8 Kf6 40.
Rf8+ Kg6 41. Rg8+ Kh6 42. Re8 Rb5 43. Kf2 Kg6 44. Re6+ Kf7 45. Rh6 Rb3 46. Kg2
e4 47. Kf2 Ke7 48. Rg6 Rb5 49. Ke3 Kd7 50. Rg7+ Kc6 51. Rg6+ Kc7 52. Rg7+ Kb8
53. Kxe4 Rxa5 54. Rf7 Ra3 55. Rf8+ Ka7 56. Rh8 a5 57. Rh5 Ka6 58. Rxg5 Rxh3 59.
Rh5 Rg3 60. g5 a4 61. Kf5 a3 62. Rh8 Ka5 63. g6 b5 64. Ra8+ Kb4 65. Kf6 Kb3 66.
g7 Rxg7 67. Kxg7 b4 68. Kf6 Ka2 69. Rh8 b3 70. Rh2+ b2 71. Ke5 Ka1 72. Rh3 a2
0-1

[Event "GBR-ch"]
[Site "Scarborough"]
[Date "2001.08.08"]
[Round "9"]
[White "Steadman, Michael"]
[Black "Kennedy, John"]
[Result "1-0"]
[WhiteElo "2090"]
[BlackElo "2042"]
[PlyCount "63"]
[EventDate "2001.07.30"]

1. e4 c5 2. Nf3 d6 3. c3 Nf6 4. Bd3 Nc6 5. O-O e5 6. Re1 g6 7. Bf1 Bg7 8. d4
cxd4 9. cxd4 Bg4 10. Bb5 Qa5 11. Nc3 O-O 12. Bxc6 bxc6 13. dxe5 dxe5 14. Qa4
Qc7 15. Be3 Rfb8 16. Qc2 Bxf3 17. gxf3 Qd7 18. Kg2 Nh5 19. h3 Nf4+ 20. Bxf4
exf4 21. Na4 Rb5 22. Rad1 Qe6 23. b3 Rg5+ 24. Kf1 Qxh3+ 25. Ke2 Rc8 26. Nc5 Rg2
27. Rf1 Bf8 28. Qc4 Re8 29. Rd7 Re7 30. Rd8 g5 31. Qd4 g4 32. Rxf8+ 1-0

[Event "GBR-ch"]
[Site "Scarborough"]
[Date "2001.08.08"]
[Round "9"]
[White "Ledger, Stephen"]
[Black "Willmoth, Robert"]
[Result "1/2-1/2"]
[WhiteElo "2196"]
[BlackElo "2239"]
[PlyCount "82"]
[EventDate "2001.07.30"]

1. d4 d6 2. Nf3 Bg4 3. c4 Nd7 4. Nc3 g6 5. g3 Bxf3 6. exf3 Bg7 7. f4 c6 8. Be3
Ngf6 9. Bg2 e6 10. O-O O-O 11. b4 Qc7 12. Rc1 a6 13. d5 Rac8 14. dxe6 fxe6 15.
Bh3 Rfe8 16. Qd3 Rcd8 17. Rfe1 Kh8 18. Rcd1 d5 19. cxd5 exd5 20. Bd4 Qd6 21. a3
a5 22. Bxd7 Rxe1+ 23. Rxe1 Rxd7 24. Bc5 Qc7 25. f5 b6 26. Bd4 axb4 27. axb4 g5
28. Qe3 Rf7 29. b5 h6 30. Bxb6 Qc8 31. bxc6 Qxc6 32. Bd4 Qc4 33. Ne2 Kh7 34.
Rc1 Qa6 35. f3 g4 36. Nf4 gxf3 37. Bxf6 Rxf6 38. Qxf3 Rxf5 39. Rd1 Qc4 40. Qd3
Qxd3 41. Rxd3 d4 1/2-1/2

[Event "GBR-ch"]
[Site "Scarborough"]
[Date "2001.08.08"]
[Round "9"]
[White "Frost, Nicholas"]
[Black "McDonnell, James J"]
[Result "1-0"]
[WhiteElo "2141"]
[BlackElo "2047"]
[PlyCount "69"]
[EventDate "2001.07.30"]

1. e4 c5 2. Nf3 Nc6 3. Bb5 g6 4. Bxc6 dxc6 5. h3 Bg7 6. d3 e5 7. O-O Qe7 8. Be3
Nf6 9. Qd2 O-O 10. a4 Rd8 11. Qc3 Nd7 12. Nbd2 f6 13. Rfb1 Bf8 14. a5 Qd6 15.
Ra4 Kg7 16. Nh2 Be7 17. Ng4 Nb8 18. Nc4 Qe6 19. f4 exf4 20. Bxf4 Nd7 21. Rf1
Re8 22. Raa1 h5 23. Nh2 Rg8 24. Rae1 b5 25. axb6 axb6 26. e5 f5 27. Nf3 b5 28.
Nd6 b4 29. Qd2 Ra2 30. b3 Nb6 31. Bg5 Bxg5 32. Nxg5 Qxb3 33. Ngf7 Rh8 34. Qg5
Qe6 35. Nxf5+ 1-0

[Event "GBR-ch"]
[Site "Scarborough"]
[Date "2001.08.09"]
[Round "10"]
[White "Wells, Peter"]
[Black "Gallagher, Joseph G"]
[Result "1/2-1/2"]
[WhiteElo "2510"]
[BlackElo "2516"]
[PlyCount "42"]
[EventDate "2001.07.30"]

1. d4 Nf6 2. c4 g6 3. Nc3 Bg7 4. e4 d6 5. Nf3 O-O 6. Be2 e5 7. O-O exd4 8. Nxd4
Re8 9. f3 c6 10. Kh1 Nbd7 11. Bg5 h6 12. Bh4 Ne5 13. f4 Neg4 14. Bxg4 Bxg4 15.
Qd3 Bc8 16. Rae1 Qc7 17. h3 Nd7 18. Qd2 Qa5 19. e5 dxe5 20. f5 g5 21. Bg3 Nf6
1/2-1/2

[Event "GBR-ch"]
[Site "Scarborough"]
[Date "2001.08.09"]
[Round "10"]
[White "Chandler, Murray"]
[Black "Hodgson, Julian M"]
[Result "1/2-1/2"]
[WhiteElo "2540"]
[BlackElo "2581"]
[PlyCount "133"]
[EventDate "2001.07.30"]

1. e4 d5 2. exd5 Nf6 3. Nf3 Qxd5 4. Nc3 Qa5 5. d4 c6 6. Bc4 Bf5 7. Bd2 e6 8.
Ne4 Qc7 9. Nxf6+ gxf6 10. Nh4 Bg6 11. Qe2 Nd7 12. O-O-O O-O-O 13. g3 Nb6 14.
Ba5 Bh6+ 15. Kb1 f5 16. f4 Bg7 17. c3 Rd7 18. Ng2 Rhd8 19. Ne3 c5 20. Bb5 Rd6
21. Nc4 Rd5 22. Ne3 R5d6 23. Rc1 Kb8 24. Rhd1 a6 25. dxc5 Rxd1 26. Bxb6 Rxc1+
27. Kxc1 Qe7 28. Bxd8 Qxd8 29. Ba4 Qa5 30. Qc4 Bf8 31. Qd4 Bxc5 32. Qe5+ Qc7
33. Qxc7+ Kxc7 34. Kd2 Bh5 35. Kd3 Bf3 36. Be8 f6 37. Ba4 b5 38. Bb3 Kd6 39. a4
b4 40. Bc4 bxc3 41. bxc3 a5 42. Bb3 Be4+ 43. Ke2 Bxe3 44. Kxe3 Bc6 45. Kd4 e5+
46. Ke3 Bd7 47. Kd2 Be6 48. Bc2 h6 49. Bd1 Kc5 50. Kd3 Ba2 51. Bh5 Bb1+ 52. Kd2
Be4 53. Bg6 Bc6 54. fxe5 fxe5 55. Bxf5 Bxa4 56. g4 Bc6 57. h4 a4 58. g5 h5 59.
Bg6 e4 60. Bxh5 e3+ 61. Kc2 Be4+ 62. Kb2 Bd3 63. Bg4 e2 64. Bxe2 Bxe2 65. g6
Bd3 66. g7 Bh7 67. Ka3 1/2-1/2

[Event "GBR-ch"]
[Site "Scarborough"]
[Date "2001.08.09"]
[Round "10"]
[White "Ward, Chris G"]
[Black "Hebden, Mark"]
[Result "0-1"]
[WhiteElo "2493"]
[BlackElo "2550"]
[PlyCount "80"]
[EventDate "2001.07.30"]

1. d4 Nf6 2. c4 g6 3. Nc3 Bg7 4. e4 d6 5. f3 O-O 6. Nge2 a6 7. Be3 c6 8. c5 b5
9. cxd6 exd6 10. Nc1 Nbd7 11. Be2 Re8 12. Qd2 c5 13. dxc5 Nxc5 14. O-O Bb7 15.
b4 Ne6 16. Nb3 Rc8 17. Rac1 d5 18. Nxd5 Bxd5 19. Rxc8 Qxc8 20. exd5 Rd8 21. Rc1
Qb8 22. Na5 Rxd5 23. Qc3 Qf8 24. Qc8 Rd8 25. Qxa6 Nd5 26. Bf2 Nd4 27. Bf1 Nf4
28. Kh1 Qxb4 29. Rc8 Rf8 30. Rxf8+ Bxf8 31. Nb3 Nxb3 32. axb3 Qd2 33. Bg1 b4
34. Qc4 Ne6 35. Qd3 Qc3 36. Be3 Bc5 37. Bd2 Qb2 38. Qd5 h5 39. g3 Bd4 40. Be1
Qc1 0-1

[Event "GBR-ch"]
[Site "Scarborough"]
[Date "2001.08.09"]
[Round "10"]
[White "Shaw, John K"]
[Black "Emms, John M"]
[Result "0-1"]
[WhiteElo "2478"]
[BlackElo "2532"]
[PlyCount "114"]
[EventDate "2001.07.30"]

1. e4 c5 2. Nf3 e6 3. c3 Nf6 4. e5 Nd5 5. d4 cxd4 6. cxd4 d6 7. exd6 Bxd6 8.
Nc3 Nxc3 9. bxc3 Qc7 10. Bd2 Nd7 11. Bd3 b6 12. O-O Bb7 13. Re1 O-O 14. Ne5
Nxe5 15. dxe5 Bxe5 16. Bxh7+ Kxh7 17. Qh5+ Kg8 18. Qxe5 Qxe5 19. Rxe5 Rfd8 20.
Be1 Bd5 21. Re2 Bc4 22. Rd2 Rxd2 23. Bxd2 Rd8 24. Be1 e5 25. f3 Rd5 26. Kf2 f5
27. a3 Kf7 28. Rb1 Ra5 29. Ra1 Ke6 30. Bd2 Rb5 31. Ke1 Rb2 32. Kd1 Bb3+ 33. Ke2
Kd5 34. g3 Bc4+ 35. Kd1 Bb3+ 36. Ke2 Bc4+ 37. Kd1 Bd3 38. Kc1 Rc2+ 39. Kd1 Kc4
40. h4 Rb2 41. h5 a6 42. Ke1 a5 43. Kd1 a4 44. Ke1 b5 45. Kd1 Kb3 46. Ke1 Bc4
47. Kd1 Bd5 48. Ke2 Bxf3+ 49. Kxf3 Rxd2 50. Rb1+ Rb2 51. Re1 e4+ 52. Kf4 Rf2+
53. Kg5 Kxa3 54. Kg6 Kb2 55. Kxg7 a3 56. h6 a2 57. h7 Rh2 0-1

[Event "GBR-ch"]
[Site "Scarborough"]
[Date "2001.08.09"]
[Round "10"]
[White "Ansell, Simon"]
[Black "Lalic, Bogdan"]
[Result "0-1"]
[WhiteElo "2376"]
[BlackElo "2528"]
[PlyCount "114"]
[EventDate "2001.07.30"]

1. e4 c6 2. d3 d5 3. Nd2 e5 4. Ngf3 Bd6 5. g3 Nf6 6. Bg2 O-O 7. O-O Re8 8. Re1
Bg4 9. h3 Bh5 10. a4 a5 11. c3 Nbd7 12. Qc2 Qc7 13. Nh4 Bf8 14. Nf1 dxe4 15.
dxe4 Nc5 16. Bg5 Nfd7 17. Nd2 b5 18. axb5 cxb5 19. Bf3 Bxf3 20. Ndxf3 a4 21.
Nf5 Nb6 22. Qe2 Nc4 23. Ne3 Nxe3 24. Bxe3 Nxe4 25. Qxb5 Nd6 26. Qd5 Qc4 27.
Qxc4 Nxc4 28. Ra2 Reb8 29. Rea1 Rxb2 30. Rxa4 Rc8 31. Ra8 Rbb8 32. Rxb8 Rxb8
33. Nd2 Nxe3 34. fxe3 Rd8 35. Ne4 f5 36. Ng5 Bc5 37. Kf2 h6 38. Nf3 Rd3 39.
Nxe5 Bxe3+ 40. Kg2 Rxc3 41. Rf1 Rc2+ 42. Kh1 Bf2 43. g4 fxg4 44. hxg4 g5 45.
Nf3 Be3 46. Re1 Bf4 47. Ra1 Rc4 48. Rd1 Kf7 49. Rd4 Rc1+ 50. Kg2 Rc2+ 51. Kh1
Ke6 52. Rd1 Ra2 53. Kg1 h5 54. gxh5 g4 55. Nh4 Be3+ 56. Kh1 g3 57. Nf3 g2+ 0-1

[Event "GBR-ch"]
[Site "Scarborough"]
[Date "2001.08.09"]
[Round "10"]
[White "Arkell, Keith C"]
[Black "Rowson, Jonathan"]
[Result "1-0"]
[WhiteElo "2431"]
[BlackElo "2514"]
[PlyCount "77"]
[EventDate "2001.07.30"]

1. d4 Nf6 2. c4 g6 3. Nf3 Bg7 4. g3 O-O 5. Bg2 d6 6. O-O Nbd7 7. Nc3 e5 8. e4
h6 9. Re1 Nh7 10. Be3 Ng5 11. h4 Nxf3+ 12. Bxf3 exd4 13. Bxd4 Ne5 14. Be2 Be6
15. Nd5 c5 16. Bc3 Nc6 17. Bxg7 Kxg7 18. Ne3 Nd4 19. Nc2 Nc6 20. Qd2 Qf6 21.
Qc3 Qxc3 22. bxc3 f5 23. exf5 Bxf5 24. Ne3 Be4 25. Rad1 Rad8 26. Nd5 Rf7 27.
Bg4 Bf5 28. Bxf5 Rxf5 29. f4 Rd7 30. g4 Rff7 31. Kg2 g5 32. hxg5 hxg5 33. fxg5
Kg6 34. Nf6 Rd8 35. Re6 Kxg5 36. Rf1 Kh4 37. Rh1+ Kg5 38. Rh5+ Kg6 39. Ne8+ 1-0

[Event "GBR-ch"]
[Site "Scarborough"]
[Date "2001.08.09"]
[Round "10"]
[White "Kelly, Brian"]
[Black "Gormally, Daniel"]
[Result "1/2-1/2"]
[WhiteElo "2458"]
[BlackElo "2481"]
[PlyCount "48"]
[EventDate "2001.07.30"]

1. c4 Nf6 2. Nf3 g6 3. Nc3 d5 4. cxd5 Nxd5 5. Qa4+ Bd7 6. Qh4 Nxc3 7. dxc3 Nc6
8. e4 e5 9. Qxd8+ Rxd8 10. Bc4 f6 11. Be3 Bd6 12. b4 Ke7 13. Nd2 Be6 14. a4 a5
15. b5 Nb8 16. Ke2 Nd7 17. Bxe6 Kxe6 18. Nb3 Ra8 19. Rhd1 Nb6 20. Rdc1 Nc4 21.
Kd3 Nb2+ 22. Kc2 Nc4 23. Kd3 Nb2+ 24. Kc2 Nc4 1/2-1/2

[Event "GBR-ch"]
[Site "Scarborough"]
[Date "2001.08.09"]
[Round "10"]
[White "Pert, Nicholas"]
[Black "Lane, Gary"]
[Result "1-0"]
[WhiteElo "2475"]
[BlackElo "2456"]
[PlyCount "41"]
[EventDate "2001.07.30"]

1. d4 Nf6 2. c4 g6 3. g3 Bg7 4. Bg2 O-O 5. Nc3 d6 6. e3 Nbd7 7. Nge2 e5 8. b3
Re8 9. h3 h5 10. Bb2 exd4 11. Nxd4 Nc5 12. Qc2 h4 13. Nce2 a5 14. g4 Qe7 15.
Nf3 Nxg4 16. Bxg7 Nxf2 17. Bh6 Bf5 18. Qc3 Ncd3+ 19. Kf1 f6 20. Nxh4 Be4 21.
Rg1 1-0

[Event "GBR-ch"]
[Site "Scarborough"]
[Date "2001.08.09"]
[Round "10"]
[White "Miles, Tony"]
[Black "Singh, Gurpreet"]
[Result "1/2-1/2"]
[WhiteElo "2565"]
[BlackElo "2302"]
[PlyCount "43"]
[EventDate "2001.07.30"]

1. d4 Nf6 2. Nf3 g6 3. c4 Bg7 4. Nc3 d6 5. e4 O-O 6. Be2 e5 7. O-O Nc6 8. d5
Ne7 9. Kh1 Ne8 10. Ne1 c5 11. a4 f5 12. exf5 Nxf5 13. Bd3 Nd4 14. Ra3 Qh4 15.
Ne4 Bh6 16. Bxh6 Qxh6 17. Nc2 Nf6 18. Nxd4 exd4 19. Qd2 Qxd2 20. Nxd2 Re8 21.
Kg1 Bd7 22. Rfa1 1/2-1/2

[Event "GBR-ch"]
[Site "Scarborough"]
[Date "2001.08.09"]
[Round "10"]
[White "Buckley, Simon"]
[Black "Turner, Matthew J"]
[Result "0-1"]
[WhiteElo "2268"]
[BlackElo "2511"]
[PlyCount "100"]
[EventDate "2001.07.30"]

1. e4 Nf6 2. e5 Nd5 3. d4 d6 4. c4 Nb6 5. exd6 exd6 6. Nc3 Be7 7. Be2 O-O 8. h3
Bf5 9. Nf3 Nc6 10. O-O Re8 11. b3 Bf6 12. Be3 d5 13. c5 Nc8 14. a3 Be4 15. b4
a6 16. Ra2 N8e7 17. g4 h6 18. Rd2 Bh7 19. Qb3 Qd7 20. a4 a5 21. b5 Nb4 22. Na2
Nxa2 23. Qxa2 g5 24. Bd3 Bxd3 25. Rxd3 Ng6 26. Qd2 Re4 27. Ne1 b6 28. f3 Re6
29. Ng2 Rae8 30. h4 gxh4 31. c6 Qe7 32. Kh2 Qd6+ 33. Bf4 Qd8 34. Be3 Qd6+ 35.
Bf4 Nxf4 36. Qxf4 Qe7 37. Qf5 Re2 38. Kh3 Bg5 39. f4 Bf6 40. Qxd5 Rd8 41. Qf3
Rxd4 42. Rxd4 Bxd4 43. Rd1 Rf2 44. Qd3 Bf6 45. Re1 Qb4 46. Qe3 Qb2 47. g5 hxg5
48. fxg5 Bd4 49. Qe4 Rxg2 50. Qxg2 Qc3+ 0-1

[Event "GBR-ch"]
[Site "Scarborough"]
[Date "2001.08.09"]
[Round "10"]
[White "Pert, Richard"]
[Black "Ledger, Andrew"]
[Result "1-0"]
[WhiteElo "2245"]
[BlackElo "2418"]
[PlyCount "139"]
[EventDate "2001.07.30"]

1. e4 e6 2. d3 d5 3. Qe2 Nc6 4. Nf3 dxe4 5. dxe4 e5 6. c3 Nf6 7. Nbd2 Be7 8.
Nc4 O-O 9. Qc2 b6 10. Bd3 Bb7 11. O-O Re8 12. Rd1 Qc8 13. h3 a5 14. Bg5 Nd7 15.
Bxe7 Rxe7 16. Ne3 Nc5 17. Bc4 Nd8 18. Nd5 Re8 19. b4 Nd7 20. a3 Ne6 21. Rd2
axb4 22. cxb4 c5 23. bxc5 Qxc5 24. Qb3 Bc6 25. Bf1 Qa5 26. Rc1 Ba4 27. Qb2 Ndc5
28. Re1 Nb3 29. Rd3 Nbd4 30. Nxd4 exd4 31. Qb4 Rab8 32. Rg3 Kh8 33. Rc1 h6 34.
Be2 Qxb4 35. axb4 Ng5 36. f3 f5 37. h4 Nf7 38. Bd3 fxe4 39. Bxe4 Nd6 40. Bd3
Bb3 41. Nf4 Rb7 42. Ng6+ Kg8 43. Rg4 b5 44. Rxd4 Rb6 45. Rc7 Bc4 46. Ne7+ Kh8
47. Bg6 Ra8 48. h5 Be6 49. Nc6 Ne8 50. Re7 Rxc6 51. Bxe8 Rc4 52. Rxc4 Bxc4 53.
Bg6 Kg8 54. Kf2 Kf8 55. Re5 Ra2+ 56. Kg3 Ra8 57. Kf4 Rd8 58. g4 Rd4+ 59. Ke3
Rd8 60. f4 Ra8 61. Kd4 Rc8 62. g5 Rd8+ 63. Kc5 Rc8+ 64. Kd6 Rd8+ 65. Kc6 Ra8
66. Kc7 Bf1 67. Rf5+ Ke7 68. Re5+ Kf8 69. Be4 Ra7+ 70. Kd8 1-0

[Event "GBR-ch"]
[Site "Scarborough"]
[Date "2001.08.09"]
[Round "10"]
[White "Tan, Desmond"]
[Black "Crouch, Colin"]
[Result "0-1"]
[WhiteElo "2253"]
[BlackElo "2407"]
[PlyCount "70"]
[EventDate "2001.07.30"]

1. e4 Nf6 2. e5 Nd5 3. d4 d6 4. c4 Nb6 5. exd6 exd6 6. Nc3 Be7 7. Qf3 O-O 8.
Be3 Nc6 9. O-O-O f5 10. g3 Be6 11. c5 Nc4 12. d5 N6e5 13. Qe2 Nxe3 14. Qxe3 Bf7
15. Be2 Re8 16. Qd2 dxc5 17. f4 Ng4 18. Bxg4 fxg4 19. h3 Qd7 20. hxg4 Qxg4 21.
Qg2 Bg6 22. Qf3 Qxf3 23. Nxf3 Bd6 24. Nh4 Bh5 25. Rdf1 Bg4 26. Kd2 b5 27. Re1
b4 28. Ne4 Bf8 29. Nf2 Bd7 30. Nf3 Rxe1 31. Rxe1 Rd8 32. Kc1 Bb5 33. b3 Rxd5
34. Rd1 Rxd1+ 35. Kxd1 c4 0-1